Statistics for Royal Rumble Cities

Click here to take the quiz!

General Stats

  • This quiz has been taken 35 times
    (23 since last reset)
  • The average score is 19 of 31

Answer Stats

Hint Answer % Correct
2000New York
100%
2008New York
100%
2018Philadelphia
83%
2004Philadelphia
83%
2015Philadelphia
83%
1991Miami
78%
2001New Orleans
78%
2006Miami
78%
2012St. Louis
72%
2017San Antonio
67%
2016Orlando
67%
2011Boston
67%
2010Atlanta
67%
2009Detroit
67%
2007San Antonio
67%
2003Boston
67%
2002Atlanta
67%
1997San Antonio
67%
1990Orlando
67%
2013Phoenix
61%
1989Houston
56%
1995Tampa
56%
2014Pittsburgh
50%
2005Fresno
39%
1999Anaheim
39%
1998San Jose
39%
1996Fresno
39%
1993Sacramento
39%
1992Albany
28%
1988Hamilton
22%
1994Providence
17%

Score Distribution

Percentile by Number Answered

Percent of People with Each Score

Your Score History

You have not taken this quiz since the last reset